[Event "Linares FEDC-ch 24th"]
[Site "Linares"]
[Date "2014.11.16"]
[Round "1"]
[White "Losilla Marin, Antonio"]
[Black "Clemente Llamero, Roberto"]
[Result "0-1"]
[WhiteElo "1656"]
[BlackElo "2097"]
[PlyCount "152"]
[EventDate "2014.11.16"]
[EventType "swiss"]
[EventRounds "8"]
[EventCountry "ESP"]
[SourceTitle "CBM 163 Extra"]
[Source "ChessBase"]
[SourceDate "2014.12.23"]
[SourceVersion "1"]
[SourceVersionDate "2014.12.23"]
[SourceQuality "1"]

1. b3 d5 2. Bb2 Nf6 3. Nf3 c5 4. e3 Nc6 5. Bb5 Bd7 6. 0-0 e6 7. c4 a6 8. Bxc6 Bxc6 9. Ne5 Rc8 10. Nxc6 Rxc6 11. Nc3 dxc4 12. bxc4 Bd6 13. Qe2 0-0 14. f4 Qc7 15. g4 Rd8 16. g5 Ne8 17. Ne4 Bf8 18. h4 Qd7 19. Rf2 Qd3 20. Qxd3 Rxd3 21. Raf1 Nd6 22. Nxd6 Rcxd6 23. Bc3 b5 24. f5 exf5 25. Rxf5 Rd7 26. cxb5 axb5 27. a3 b4 28. axb4 cxb4 29. Bd4 Rxd2 30. Rb5 Rc2 31. Ra1 Rc8 32. Kg2 Re8 33. Kf3 Rc8 34. h5 Rcd8 35. Ke4 Re8+ 36. Kf4 Rde7 37. Rh1 Rd7 38. Rb6 Rd5 39. g6 Bd6+ 40. Kf3 fxg6 41. hxg6 hxg6 42. Rg1 Kf7 43. Rb7+ Re7 44. Rb6 Rf5+ 45. Ke2 Rd7 46. Rc1 g5 47. Rcc6 Bf8 48. Kd3 Rf1 49. Ke4 Re7+ 50. Kd3 Rd1+ 51. Kc2 Rf1 52. Rb5 g4 53. Rg5 Rg1 54. Bc5 Re8 55. Bd4 g3 56. Rc7+ Re7 57. Rxe7+ Bxe7 58. Rxg7+ Ke6 59. e4 Rg2+ 60. Kb3 Rd2 61. Bb6 Rd3+ 62. Kc2 Rc3+ 63. Kd2 Bf6 64. Rg6 Kf7 65. Rg4 Be5 66. Ba5 Rc4 67. Kd3 Rd4+ 68. Ke3 Rc4 69. Kd3 Rc3+ 70. Kd2 Rb3 71. Kc2 Rb2+ 72. Kd3 g2 73. Kc4 b3 74. Bc3 Rc2 75. Kxb3 Rxc3+ 76. Kb4 Rg3 0-1